| 000 | 00000nam 2200000zi 4500 |
| 001 | 9.898971 |
| 003 | CaOODSP |
| 005 | 20221107175005 |
| 006 | m o d f |
| 007 | cr |n||||||||| |
| 008 | 210407t20162016oncd ob f|0| 0 eng d |
| 040 | |aCaOODSP|beng|erda|cCaOODSP |
| 043 | |an-cn--- |
| 086 | 1 |aEn37-464/2016E-PDF |
| 100 | 1 |aRainville, François, |eauthor. |
| 245 | 10|aHydrometric manual - data computations : |bstage-discharge model development and maintenance / |cauthors: F. Rainville, D. Hutchinson, A. Stead, D. Moncur, D. Elliott. |
| 264 | 1|a[Ottawa] : |bGouvernment du Canada = Government of Canada, |c2016. |
| 264 | 4|c©2016 |
| 300 | |a1 online resource (37 pages) : |bcharts |
| 336 | |atext|btxt|2rdacontent |
| 337 | |acomputer|bc|2rdamedia |
| 338 | |aonline resource|bcr|2rdacarrier |
| 500 | |aIssued also in French under title: Manuel d’hydrométrie – calculs des données : élaboration et gestion des courbes de tarage. |
| 500 | |a"qSOP-NA049-01-2016." |
| 504 | |aIncludes bibliographical references (pages 36-37). |
| 520 | |a"Rating curves are relations used to model discharge as a function of one or more variables. The purpose of this document is to guide technologists through the development and maintenance of simple stage-discharge models. Techniques required to develop complex ratings are not covered, but criteria to identify such cases are included"--page 7. |
| 650 | 0|aHydraulic measurements|vHandbooks, manuals, etc. |
| 655 | 7|aHandbooks and manuals|2lcgft |
| 710 | 2 |aWater Survey of Canada, |eissuing body. |
| 710 | 1 |aCanada. |bEnvironment and Climate Change Canada, |eissuing body. |
| 775 | 08|tManuel d’hydrométrie – calculs des données : |w(CaOODSP)9.899010 |
| 856 | 40|qPDF|s1.33 MB|uhttps://publications.gc.ca/collections/collection_2021/eccc/en37/En37-464-2016-eng.pdf |